Fiestas tradicionales argentinas.

Saved in:
Bibliographic Details
Main Author: Jacovella, Bruno C.
Format: Book
Language:Spanish
Published: Buenos Aires, Lajouane, 1953.
Series:Colección Lajouane de folklore argentino, v. 2
Subjects:
Tags: Add Tag
No Tags, Be the first to tag this record!
LEADER 00569nam a2200205I 4500
001 005437787-0
005 20020606163548.3
008 790228s1953 ag a 000 0 spa
010 |a  54040202 /L 
035 0 |a ocm04697608 
040 |a DLC  |c KKU  |d HLS 
050 0 |a GT4831  |b .J3 
100 1 |a Jacovella, Bruno C. 
245 1 0 |a Fiestas tradicionales argentinas. 
260 |a Buenos Aires,  |b Lajouane,  |c 1953. 
300 |a 71 p.  |b illus.  |c 18 cm. 
490 0 |a Colección Lajouane de folklore argentino,  |v v. 2 
650 0 |a Festivals  |z Argentina. 
988 |a 20020608 
906 |0 DLC